1896 1290 1120 1935 1124 1658 1142 1471 1539 1686 1627 1719 1211 1552 1009 1125 1861 1800 1680 1255 1752 1059 1163 1757 1836 1201 1962 1963 1538 1251 1943 1452 1792 1785 1985 1276 1954 1630 1865 1819 1830 1163 1940 1965 1642 1024 1593 1388 1727 1858 1214 1448 1468 1284 1464 1033 1123 1085 1323 1541 1266 1549 1041 1245 1110 1480 1237 1491 1005 1038 1879 1764 1269 1064 1900 1557 1170 1026 1043 1981 1375 1478 1388 1317 1745 1863 1428 1625 1475 1289 1295 1541 1953 1678 1839 1150 1118 1826 1598 BCNSPRNW ULIB Ver.6.0+V

เปลี่ยนเป็นภาษาไทย

Change to English
 แสดงรายละเอียดบรรณานุกรม
  กลับหน้าหลัก

Brief Record : Get Marc (ISO 2709) : E-mail record : QR code < ปิดหน้าต่าง
LEADER : 00000nam 2200000uu 4500
001    13399128540
003     ULIB
008    230906s2562||||th 000 0 tha d
020    ^a9786165653312
060    ^aWW205^bอ332C
100    ^aอรพรรณ อาญาสิทธิ์
245    ^aCOMMON EYELID DISEASES =^bโรคของหนังตาที่พบบ่อย/^cอรพรรณ อาญาสิทธิ์
250    ^aพิมพ์ครั้งที่ 1
260    ^aกรุงเทพฯ :^bสหมิตรพัฒนาการพิมพ์,^c2562
300    ^a220 หน้า;^b26 ซม.
650    ^aหนังตา^xโรค
945    ^p620^l0^i29683
945    ^p620^l0^i29684
999    ^aกัณชพร จุลอักษร
รายการนี้ยังไม่มีแท็ก
คุณยังไม่ได้ล็อกอิน คุณสามารถมีกิจกรรมร่วมกับเว็บไซต์ได้ แต่ต้องล็อกอินก่อน ::
  ล็อกอิน

รายการสื่อสารสนเทศ

ลำดับที่ ประเภท เลขเรียก/บาร์โค้ด สถานที่ สถานะ
1. หนังสือสำรอง
หนังสือสำรอง
WW205 อ332C ฉ.1 
  Barcode: 29683
ห้องสมุดวิทยาเขตนครสวรรค์
►หนังสือทั่วไป:l:General Books
บนชั้น
2. วิทยาศาสตร์การแพทย์ และสุขภาพ
วิทยาศาสตร์การแพทย์ และสุขภาพ
WW205 อ332C ฉ.2 
  Barcode: 29684
ห้องสมุดวิทยาเขตนครสวรรค์
►หนังสือทั่วไป:l:General Books
บนชั้น

รายการใกล้เคียง
    ผู้แต่ง [อรพรรณ อาญาสิทธิ์]

BibComment


ยังไม่เคยถูกคอมเมนท์

คอมเมนท์ทรัพยากรรายการนี้
  คอมเมนท์: COMMON EYELID DI..


 Copyright 2026. Bcnsprnw @Library